Normal view
MARC view
- Anas Zia Saif Ur Rehman Ali
Entry Personal Name
001 - CONTROL NUMBER
- control field: 85647
003 - CONTROL NUMBER IDENTIFIER
- control field: NUST
005 - DATE AND TIME OF LATEST TRANSACTION
- control field: 20211203144608.0
008 - FIXED-LENGTH DATA ELEMENTS
- fixed length control field: 211203|| aca||aabn | a|a d
040 ## - CATALOGING SOURCE
- Original cataloging agency: NUST
- Transcribing agency: NUST
100 ## - HEADING--PERSONAL NAME
- Personal name: Anas Zia Saif Ur Rehman Ali
670 ## - SOURCE DATA FOUND
- Source citation: Work cat.: (NUST): Anas Zia Saif Ur Rehman Ali , PR-SOF-2054-Design and Analysis of High Volume Low Speed Fan, 2021.
